Oceanian Countries by First and Last Letter - Statistics

General Stats
  • This quiz has been taken 144 times
  • The average score is 9 of 14
Answers on the Map
Answers color-coded by a green-red scale on the quiz's map according to % correct below.
 
Answer Stats
country % Correct
Australia
79%
Papua New Guinea
78%
Fiji
69%
New Zealand
69%
Solomon Islands
68%
Kiribati
67%
Vanuatu
64%
Samoa
61%
Marshall Islands
60%
Tuvalu
60%
Micronesia
58%
Palau
57%
Nauru
54%
Tonga
51%
No matching quizzes found
Score Distribution
Percent of People with Each Score
Percentile by Number Answered
Your Score History
You have not taken this quiz